[Event "Dutch defence"]
[Site "SchemingMind.com"]
[Date "2008.02.15"]
[Round "-"]
[White "baobab"]
[Black "TRFz"]
[Result "1-0"]
[WhiteCountry "ITA"]
[BlackCountry "GBR"]
[WhiteElo "1691"]
[WhiteRD "77"]
[BlackElo "2049"]
[BlackRD "54"]
[GameID "142063"]

1. d4 f5 2. Nc3 Nf6 3. g3 e6 4. Bg2 d5 5. Bg5 Nbd7 6. Nf3 h6 7. Bf4 g5 8. Bd2 c6 9. O-O Bd6 10. e3 Ne4
11. Nxe4 fxe4 12. Ne5 Nxe5 13. dxe5 Bxe5 14. Qh5+ Ke7 15. f4 exf3 16. Rxf3 Kd6 17. e4 Bxb2 18. Rb1 Bd4+ 19. Kh1 dxe4 20. Rf7 e3
21. Bxe3 Bxe3 22. Rd1+ Kc5 23. Rxd8 Rxd8 24. h4 Kb6 25. Qxh6 a5 26. Rf8 Rd1+ 27. Kh2 Rd2 28. Rxc8
1-0

[Event "Dutch defence"]
[Site "SchemingMind.com"]
[Date "2008.02.15"]
[Round "-"]
[White "TRFz"]
[Black "baobab"]
[Result "1-0"]
[WhiteCountry "GBR"]
[BlackCountry "ITA"]
[WhiteElo "2083"]
[WhiteRD "55"]
[BlackElo "1642"]
[BlackRD "73"]
[GameID "142064"]

1. d4 f5 2. Nf3 Nf6 3. g3 e6 4. Bg2 Nc6 5. O-O b6 6. c4 Bb7 7. Nc3 Bb4 8. Qc2 O-O 9. Bd2 a6 10. a3 Be7
11. b4 Nb8 12. d5 Kh8 13. dxe6 dxe6 14. Rfd1 Qe8 15. Bf4 c5 16. b5 Nbd7 17. bxa6 Bxa6 18. Nb5 Bxb5 19. cxb5 Nd5 20. Ne5 Nxe5
21. Bxe5 Qxb5 22. Bxd5 exd5 23. Rxd5 Bf6 24. Bxf6 Rxf6 25. e3 Qc6 26. Rxf5 Raf8 27. Rxf6 Qxf6 28. Rb1 h6 29. a4 Qe6 30. e4 Rd8
31. Kg2 Rd4 32. f3 Qd7 33. Rb2 c4 34. Qc3 Qd6 35. Rc2 Qc5 36. Qe3 Qd6 37. e5 Qd5 38. e6 Rd3 39. Qe2 c3 40. e7
1-0

[Event "Dutch defence"]
[Site "SchemingMind.com"]
[Date "2008.02.20"]
[Round "-"]
[White "Shaka"]
[Black "baobab"]
[Result "1-0"]
[WhiteCountry "VEN"]
[BlackCountry "ITA"]
[WhiteElo "1786"]
[WhiteRD "73"]
[BlackElo "1642"]
[BlackRD "73"]
[GameID "142317"]

1. d4 f5 2. c4 Nf6 3. Nc3 Nc6 4. f3 e6 5. e4 fxe4 6. fxe4 Bb4 7. Bg5 e5 8. d5 h6 9. Bxf6 Qxf6 10. dxc6 dxc6
11. Qf3 Be6 12. Nh3 O-O-O 13. a3 Be7 14. Be2 Qh4+ 15. Qg3 Qxg3+ 16. hxg3 Kb8 17. Rd1 a6 18. Nf2 Bg5 19. O-O Be3 20. Rxd8+ Rxd8
21. Rd1 Rf8 22. Rf1 h5 23. Nd1 Bd4 24. b4 g6 25. Kh2 Rh8 26. Nh3
1-0

[Event "Dutch defence"]
[Site "SchemingMind.com"]
[Date "2008.02.17"]
[Round "-"]
[White "Shaka"]
[Black "TRFz"]
[Result "0-1"]
[WhiteCountry "VEN"]
[BlackCountry "GBR"]
[WhiteElo "1786"]
[WhiteRD "73"]
[BlackElo "2083"]
[BlackRD "55"]
[GameID "142318"]

1. d4 f5 2. g3 Nf6 3. Bg2 e6 4. c4 d5 5. Nc3 c6 6. Bg5 Nbd7 7. e3 Bd6 8. Nge2 O-O 9. O-O Qe8 10. Bf4 Be7
11. c5 Ne4 12. Nxe4 fxe4 13. f3 e5 14. dxe5 exf3 15. Bxf3 g5 16. e6 Nxc5 17. Be5 Bxe6 18. Nd4 Bh3 19. Bg2 Bxg2 20. Kxg2 Qg6
21. Qg4 h5
0-1

[Event "Dutch defence"]
[Site "SchemingMind.com"]
[Date "2008.02.21"]
[Round "-"]
[White "baobab"]
[Black "Shaka"]
[Result "1/2-1/2"]
[WhiteCountry "ITA"]
[BlackCountry "VEN"]
[WhiteElo "1646"]
[WhiteRD "78"]
[BlackElo "1753"]
[BlackRD "73"]
[GameID "142319"]

1. d4 f5 2. Bf4 Nf6 3. e3 d6 4. Bc4 e6 5. c3 Nc6 6. Nd2 e5 7. Bg5 h6 8. Bh4 exd4 9. Bxf6 Qxf6 10. cxd4 a6
11. Ngf3 Bd7 12. Kf1 g5 13. Ne1 Bg7 14. b4 Ne7 15. Qb3 Bb5 16. a4 Bxc4+ 17. Qxc4 Nc6 18. b5 axb5 19. Qxb5 O-O 20. Qxb7 f4
21. Ne4 Qf5 22. Qxc6 fxe3 23. f3 Bxd4 24. Ke2 Bxa1 25. Qc2 Rfe8 26. Nd3 Bg7 27. Qxc7 Rec8 28. Qxd6 Rxa4 29. Ndc5 Ra2+ 30. Kxe3 Ra3+
31. Kf2 Ra2+ 32. Ke3 Ra3+ 33. Kf2 Rxc5=
1/2-1/2

[Event "Dutch defence"]
[Site "SchemingMind.com"]
[Date "2008.02.17"]
[Round "-"]
[White "TRFz"]
[Black "Shaka"]
[Result "1-0"]
[WhiteCountry "GBR"]
[BlackCountry "VEN"]
[WhiteElo "2049"]
[WhiteRD "54"]
[BlackElo "1744"]
[BlackRD "73"]
[GameID "142320"]

1. d4 f5 2. Nf3 Nf6 3. g3 c6 4. Bg2 d5 5. O-O g6 6. c4 dxc4 7. a4 Bg7 8. Na3 O-O 9. Nxc4 Be6 10. Qc2 Na6
11. Bd2 Nd5 12. a5 Ndb4 13. Qb3 Qd5 14. Rfc1 Qb5 15. Ng5 Bxc4 16. Rxc4 Kh8 17. Bxb4 Nxb4 18. Qxb4 Qxb4 19. Rxb4
1-0

[Event "Dutch defence"]
[Site "SchemingMind.com"]
[Date "2008.02.21"]
[Round "-"]
[White "Valiantangel"]
[Black "Shaka"]
[Result "0-1"]
[WhiteCountry "SGP"]
[BlackCountry "VEN"]
[WhiteElo "1326"]
[WhiteRD "86"]
[BlackElo "1786"]
[BlackRD "73"]
[GameID "142714"]

1. d4 f5 2. Nc3 Nf6 3. Bg5 b6 4. Bxf6 exf6 5. e3 Bb7 6. Nf3 Bb4 7. Qd2 O-O 8. Be2 d6 9. a3 Bxc3 10. Qxc3 Nd7
11. O-O Rc8
0-1

[Event "Dutch defence"]
[Site "SchemingMind.com"]
[Date "2008.02.20"]
[Round "-"]
[White "Valiantangel"]
[Black "baobab"]
[Result "0-1"]
[WhiteCountry "SGP"]
[BlackCountry "ITA"]
[WhiteElo "1326"]
[WhiteRD "86"]
[BlackElo "1642"]
[BlackRD "73"]
[GameID "142715"]

1. d4 f5 2. Nc3 Nf6 3. Bg5 e6 4. e3 Be7 5. Nf3 O-O 6. Be2 Nc6 7. O-O b6 8. Nb5 a6 9. Nc3 Bb7 10. Na4 Na7
11. c4 c6 12. Qb3 b5 13. Nc3 d5 14. cxd5 cxd5 15. Ne5 Nd7
0-1

[Event "Dutch defence"]
[Site "SchemingMind.com"]
[Date "2008.02.20"]
[Round "-"]
[White "Valiantangel"]
[Black "TRFz"]
[Result "0-1"]
[WhiteCountry "SGP"]
[BlackCountry "GBR"]
[WhiteElo "1466"]
[WhiteRD "111"]
[BlackElo "2049"]
[BlackRD "54"]
[GameID "142716"]

1. d4 f5 2. Nc3 Nf6 3. Bg5 d5 4. Bxf6 exf6 5. e3 c6 6. Bd3 Bd6 7. Nge2 Be6 8. Ng3 g6 9. Qd2 Nd7 10. O-O-O b5
11. Nce2 Nb6 12. h4 Nc4 13. Bxc4 bxc4 14. h5 g5 15. h6 Kf7 16. c3 Rb8 17. Qc2 Qa5 18. Nxf5 Ba3
0-1

[Event "Dutch defence"]
[Site "SchemingMind.com"]
[Date "2008.02.23"]
[Round "-"]
[White "Shaka"]
[Black "Valiantangel"]
[Result "1-0"]
[WhiteCountry "VEN"]
[BlackCountry "SGP"]
[WhiteElo "1786"]
[WhiteRD "73"]
[BlackElo "1326"]
[BlackRD "86"]
[GameID "142717"]

1. d4 f5 2. g3 e6 3. Bg2 Nf6 4. c4 Bb4+ 5. Bd2 Bxd2+ 6. Qxd2 O-O 7. Nc3 c6 8. Nf3 d5 9. O-O Ne4 10. Nxe4 fxe4
11. Ne5
1-0

[Event "Dutch defence"]
[Site "SchemingMind.com"]
[Date "2008.02.20"]
[Round "-"]
[White "baobab"]
[Black "Valiantangel"]
[Result "1-0"]
[WhiteCountry "ITA"]
[BlackCountry "SGP"]
[WhiteElo "1642"]
[WhiteRD "73"]
[BlackElo "1326"]
[BlackRD "86"]
[GameID "142718"]

1. d4 f5 2. Bf4 Nf6 3. e3 e6 4. Nc3 Be7 5. Nf3 O-O 6. Bc4 d5 7. Bb3 c5 8. Nb5 Na6 9. a3 Bd7 10. a4 c4
11. Ba2 Ne4 12. O-O Nc7 13. Bxc7 Qc8 14. Nd2 Bxb5 15. Nxe4
1-0

[Event "Dutch defence"]
[Site "SchemingMind.com"]
[Date "2008.02.20"]
[Round "-"]
[White "TRFz"]
[Black "Valiantangel"]
[Result "1-0"]
[WhiteCountry "GBR"]
[BlackCountry "SGP"]
[WhiteElo "2049"]
[WhiteRD "54"]
[BlackElo "1466"]
[BlackRD "111"]
[GameID "142719"]

1. d4 f5 2. Nf3 b6 3. g3 Bb7 4. Bg2 e6 5. O-O Nf6 6. c4 Be7 7. Nc3 O-O 8. a3 d6 9. b4 Nbd7 10. Bb2 Ne4
11. Qd3 Nxc3 12. Bxc3 Nf6 13. Nd2 Bxg2 14. Kxg2 Qd7 15. d5 e5 16. e4 fxe4 17. Nxe4 Nxe4 18. Qxe4 Qf5 19. Rae1 Rae8 20. Qxf5 Rxf5
21. f4 Bf6 22. g4
1-0

[Event "Dutch defence"]
[Site "SchemingMind.com"]
[Date "2008.02.21"]
[Round "-"]
[White "Clive Everill"]
[Black "Shaka"]
[Result "1-0"]
[WhiteCountry "CZE"]
[BlackCountry "VEN"]
[WhiteElo "1684"]
[WhiteRD "50"]
[BlackElo "1753"]
[BlackRD "73"]
[GameID "142798"]

1. d4 f5 2. h3 Nf6 3. Bf4 e6 4. Nc3 b6 5. Nf3 Bb7 6. Nb5 d6 7. e3 a6 8. Na3 Nbd7 9. Ng5 Qe7 10. Be2 h6
11. Nf3 g5 12. Bh2 Bg7 13. O-O O-O-O 14. Nc4 Nf8 15. a4 g4 16. hxg4 fxg4 17. Nh4 h5 18. f3 Nd5 19. Qe1 Bf6 20. Bg3 Rg8
21. c3 Ng6 22. Nxg6 Rxg6 23. fxg4 h4 24. Rxf6 Qxf6 25. Bxh4 Qh8 26. Bxd8 Kxd8 27. Bf3 Qh6 28. Qf2 Rf6 29. Re1 Rf8 30. Qg3 Rh8
31. Kf2 Kd7 32. e4 Ne7 33. Ne3 Rf8 34. g5 Qg6 35. Ng4 Ng8 36. Kg1 Kd8 37. Nf2 Rf7 38. Nd3 Rg7 39. Nf4 Qf7= 40. e5 Bxf3
41. Qxf3 a5 42. exd6
1-0

[Event "Dutch defence"]
[Site "SchemingMind.com"]
[Date "2008.02.20"]
[Round "-"]
[White "Clive Everill"]
[Black "Valiantangel"]
[Result "1-0"]
[WhiteCountry "CZE"]
[BlackCountry "SGP"]
[WhiteElo "1669"]
[WhiteRD "47"]
[BlackElo "1326"]
[BlackRD "86"]
[GameID "142799"]

1. d4 f5 2. e4 fxe4 3. Nc3 Nf6 4. Bg5 d5 5. Bxf6 exf6 6. Qh5+ g6 7. Qxd5 Qxd5 8. Nxd5 Bd6 9. Nxf6+ Kf7 10. Nxe4 Re8
11. Bd3 Bf5 12. f3 Nc6 13. c3 Kg7 14. O-O-O Bf4+ 15. Kb1 Bh6 16. Ne2 a6 17. N2g3 Bc8 18. d5 Ne5 19. Be2 b5 20. d6 cxd6
21. Nxd6 Re7 22. Nxc8 Rxc8 23. Ne4 Nc4 24. g4 Bf4 25. h4 Ne3 26. Rd6
1-0

[Event "Dutch defence"]
[Site "SchemingMind.com"]
[Date "2008.02.21"]
[Round "-"]
[White "Clive Everill"]
[Black "baobab"]
[Result "1-0"]
[WhiteCountry "CZE"]
[BlackCountry "ITA"]
[WhiteElo "1669"]
[WhiteRD "47"]
[BlackElo "1642"]
[BlackRD "73"]
[GameID "142800"]

1. d4 f5 2. Bg5 Nf6 3. Bxf6 gxf6 4. e4 d6 5. Qh5+ Kd7 6. Qxf5+ Ke8 7. Qh5+ Kd7 8. Bb5+ c6 9. Bd3 Qb6 10. Nd2 Qxb2
11. Rb1 Qxa2 12. Ngf3 Kc7 13. O-O Na6 14. Ra1 Qe6 15. d5 Qg4 16. Qxg4 Bxg4 17. Nd4 Nc5 18. f3 Bd7 19. Be2 Bh6 20. f4 Rhg8
21. Nf5 Bxf5 22. exf5 a6 23. Ra3 Rac8 24. Re3 Rg7 25. dxc6 Kxc6 26. Bf3+ Kd7 27. Bd5 b5 28. Nb3 Na4 29. Be6+ Kd8 30. Bxc8 Kxc8
31. Nd4 Kd7 32. Ne6 Rg8 33. Rfe1 Re8 34. g4 Nc5 35. g5 fxg5 36. fxg5 Bf8 37. Nxf8+ Rxf8 38. Rxe7+ Kc6 39. f6 a5 40. Rxh7 a4
41. Ree7 a3 42. Rh3 Ra8 43. f7 Rf8 44. Rxa3 Na4 45. c4 Kc5 46. cxb5 Kxb5 47. g6
1-0

[Event "Dutch defence"]
[Site "SchemingMind.com"]
[Date "2008.02.20"]
[Round "-"]
[White "Clive Everill"]
[Black "TRFz"]
[Result "1-0"]
[WhiteCountry "CZE"]
[BlackCountry "GBR"]
[WhiteElo "1708"]
[WhiteRD "55"]
[BlackElo "2068"]
[BlackRD "62"]
[GameID "142801"]

1. d4 f5 2. c4 Nf6 3. g3 e6 4. Bg2 Be7 5. Nf3 d6 6. O-O O-O 7. Nc3 Qe8 8. Re1 Qg6 9. Bg5 Nbd7 10. e4 fxe4
11. Nxe4 h6 12. Nxf6+ Nxf6 13. Bxf6 Bxf6 14. Rb1 Bd7 15. b4 Qf7 16. c5 Bc6 17. Rb2 Bd5 18. a3 b5 19. Kh1 a5 20. Ng1 Bxg2+
21. Kxg2 axb4 22. axb4 e5 23. dxe5 Bxe5 24. Rbe2 Bc3 25. Rf1 Bxb4 26. cxd6 Bxd6 27. Re3 Ra2 28. Rf3 Qe8 29. Qd5+ Kh8 30. Rxf8+ Qxf8
31. Qxa2 b4 32. Nf3 c5 33. Qd5 Qb8 34. Rd1 Be7 35. Ne5 Kh7 36. Qe4+ Kg8 37. Nc6
1-0

[Event "Dutch defence"]
[Site "SchemingMind.com"]
[Date "2008.02.21"]
[Round "-"]
[White "Shaka"]
[Black "Clive Everill"]
[Result "1-0"]
[WhiteCountry "VEN"]
[BlackCountry "CZE"]
[WhiteElo "1786"]
[WhiteRD "73"]
[BlackElo "1669"]
[BlackRD "47"]
[GameID "142802"]

1. d4 f5 2. Nf3 Nf6 3. g3 e6 4. c4 Be7 5. Bg2 O-O 6. O-O c6 7. Nc3 d5 8. Ne5 Nbd7 9. Bf4 Nxe5 10. Bxe5 Ng4
11. cxd5 Nxe5 12. dxe5 exd5 13. f4 d4 14. Qb3+ Kh8 15. Rfd1 Bc5 16. Kh1 Qe7 17. Na4 Be6 18. Qd3 Rad8 19. Nxc5 Qxc5 20. Rac1 Qe7
21. Rd2 Bxa2 22. Ra1 Qe6 23. Qa3 Bd5 24. b4 Bxg2+ 25. Kxg2 Qd5+ 26. Kf2 a6 27. Rad1 Qe4 28. Rd3 Rd5 29. b5 axb5 30. Qxf8#
1-0

[Event "Dutch defence"]
[Site "SchemingMind.com"]
[Date "2008.02.20"]
[Round "-"]
[White "Valiantangel"]
[Black "Clive Everill"]
[Result "0-1"]
[WhiteCountry "SGP"]
[BlackCountry "CZE"]
[WhiteElo "1326"]
[WhiteRD "86"]
[BlackElo "1669"]
[BlackRD "47"]
[GameID "142803"]

1. d4 f5 2. Nc3 g6 3. h4 Bg7 4. h5 Bxd4 5. Qxd4 Nf6 6. hxg6 Nc6 7. Qd3 d6 8. gxh7 Ne5 9. Qg3 Be6 10. Nf3 Nxf3+
11. gxf3 Kd7 12. Bg5 Nxh7 13. f4 Nxg5 14. Rxh8 Nf3+ 15. Qxf3 Qxh8 16. Qxb7 Rb8 17. Qxa7 Rxb2 18. Qa4+ Kd8 19. Qa8+ Bc8 20. Nd5 Rxc2
21. Rd1 e6 22. e3 Qh1 23. Qa4 Rc5 24. Nb4 Bb7 25. Qb3 Ke7
0-1

[Event "Dutch defence"]
[Site "SchemingMind.com"]
[Date "2008.02.21"]
[Round "-"]
[White "baobab"]
[Black "Clive Everill"]
[Result "0-1"]
[WhiteCountry "ITA"]
[BlackCountry "CZE"]
[WhiteElo "1642"]
[WhiteRD "73"]
[BlackElo "1669"]
[BlackRD "47"]
[GameID "142804"]

1. d4 f5 2. c4 Nf6 3. Nc3 e6 4. Bg5 Be7 5. e3 O-O 6. g3 c6 7. Nf3 d5 8. Rc1 Ne4 9. Bxe7 Qxe7 10. Qb3 b6
11. Bg2 Nd7 12. O-O Ba6 13. Rfd1 Bxc4 14. Qa4 b5 15. Qc2 Nxc3 16. bxc3 a5 17. Nd2 Nb6 18. Nf3 b4 19. Ne5 Qd6 20. cxb4 axb4
21. Nxc4 Nxc4 22. Bf1 Na5 23. Qa4 Rfc8 24. Qc2 Rc7 25. Rb1 c5 26. Be2 c4 27. Qa4 Rca7 28. Qxb4 Qxb4 29. Rxb4 Kf7 30. g4 Nc6
31. Rb6 Ne7 32. gxf5 Nxf5 33. Bg4 Rxa2 34. Re1 g6 35. Rb7+ Kg8 36. Bf3 Nh4 37. Bg4 Rf8 38. Bxe6+ Kh8 39. Bg4 Rfxf2 40. Rb8+ Kg7
41. Rb7+ Kh6 42. Bd1 Rxh2 43. Rf7 Rag2+
0-1

[Event "Dutch defence"]
[Site "SchemingMind.com"]
[Date "2008.02.20"]
[Round "-"]
[White "TRFz"]
[Black "Clive Everill"]
[Result "1-0"]
[WhiteCountry "GBR"]
[BlackCountry "CZE"]
[WhiteElo "2049"]
[WhiteRD "54"]
[BlackElo "1680"]
[BlackRD "52"]
[GameID "142805"]

1. d4 f5 2. Nf3 e6 3. g3 Nf6 4. Bg2 Be7 5. O-O O-O 6. c4 c6 7. Nc3 d5 8. b3 Ne4 9. Qc2 Nxc3 10. Qxc3 Nd7
11. a3 Bf6 12. Bf4 c5 13. e3 Qe7 14. cxd5 exd5 15. Ne5 Nb6 16. dxc5 Nd7 17. Bxd5+ Kh8 18. Qb4 Bxe5 19. c6 Qxb4 20. axb4 Bxa1
21. Rxa1 bxc6 22. Bxc6 Rb8 23. Rxa7 g5 24. Bc7 h5 25. Bxd7 Rb7 26. Be5+ Kg8 27. Rxb7 Bxb7 28. b5 Bf3 29. Bc6 Bxc6 30. bxc6 Rc8
31. c7 Kf7 32. f4 Ke6 33. b4 g4 34. b5 Kd7 35. b6 Kc6 36. Bd4 Kb7 37. Kf2 Ra8 38. e4 Ra2+ 39. Ke3 fxe4 40. f5 Rxh2
41. f6 Rh1 42. Ke2 h4 43. f7 h3 44. f8=Q h2 45. c8=Q#
1-0

[Event "Dutch defence"]
[Site "SchemingMind.com"]
[Date "2008.02.25"]
[Round "-"]
[White "David Hartley"]
[Black "Shaka"]
[Result "1-0"]
[WhiteCountry "ENG"]
[BlackCountry "VEN"]
[WhiteElo "1847"]
[WhiteRD "72"]
[BlackElo "1753"]
[BlackRD "73"]
[GameID "143138"]

1. d4 f5 2. Nf3 Nf6 3. g3 Nc6 4. Bg2 e6 5. O-O d5 6. b3 Bd6 7. c4 dxc4 8. bxc4 Bb4 9. Bd2 Bxd2 10. Qxd2 O-O
11. Rd1 a5 12. Nc3 Bd7 13. Ne5 Be8 14. Nxc6 Bxc6 15. Bxc6 bxc6 16. c5 Nd5 17. e3 Nxc3 18. Qxc3 Qd5 19. Rdb1 Rfb8 20. Rb3 a4
21. Rxb8+ Rxb8 22. Qa5 Rb2 23. Qxa4 Qf3 24. Rf1 Qe2 25. Qxc6 Kf7 26. Qxc7+ Kf6 27. Qd6 Qc4 28. Qe5+ Kf7 29. d5 Rxa2 30. Qxe6+ Kf8
31. Qxf5+ Kg8 32. Qc8+ Kf7 33. Qd7+ Kf6 34. Qe6+ Kg5 35. h4+ Kh5 36. Qf5+ Kh6 37. Qg5#
1-0

[Event "Dutch defence"]
[Site "SchemingMind.com"]
[Date "2008.02.25"]
[Round "-"]
[White "David Hartley"]
[Black "Valiantangel"]
[Result "1-0"]
[WhiteCountry "ENG"]
[BlackCountry "SGP"]
[WhiteElo "1863"]
[WhiteRD "72"]
[BlackElo "1326"]
[BlackRD "86"]
[GameID "143139"]

1. d4 f5 2. Nf3 b6 3. g3 Bb7 4. Bg2 e6 5. c4 Nf6 6. O-O d6 7. Nc3 Be7 8. Re1 Ne4 9. Nxe4 Bxe4 10. Nd2 Bxg2
11. Kxg2 O-O 12. Nf3 Nd7 13. e3
1-0

[Event "Dutch defence"]
[Site "SchemingMind.com"]
[Date "2008.02.25"]
[Round "-"]
[White "David Hartley"]
[Black "baobab"]
[Result "1/2-1/2"]
[WhiteCountry "ENG"]
[BlackCountry "ITA"]
[WhiteElo "1898"]
[WhiteRD "68"]
[BlackElo "1654"]
[BlackRD "83"]
[GameID "143140"]

1. d4 f5 2. Nf3 Nc6 3. g3 Nf6 4. Bg2 h6 5. c4 e6 6. O-O d6 7. Nc3 g5 8. b3 Bg7 9. Ne1 Bd7 10. e4 Qe7
11. exf5 e5 12. dxe5 dxe5 13. Nd3 O-O-O 14. Re1 Bxf5 15. Be4 Nxe4 16. Nxe4 Nb4 17. Ba3 Rxd3 18. Qxd3 Nxd3 19. Bxe7 Nxe1 20. Rxe1 Re8
21. Bb4 b6 22. Bc3 Rd8 23. Nd2 Bh3 24. f3 Rd3 25. Ne4 Rxf3 26. Ba1 g4 27. Nf2 Rf5 28. Nd3 e4 29. Nf4 Bxa1 30. Rxa1 e3
31. Re1 Re5 32. Nxh3 gxh3 33. Kf1 Kd7 34. Ke2 Kc6 35. Kf3 Kc5 36. Ke2 Kb4 37. Rc1 Ka3 38. Rc2 a5 39. g4 c6 40. Ke1 b5
41. cxb5 cxb5 42. Ke2 a4 43. bxa4 bxa4 44. Rc4 Kxa2 45. Rxa4+ Kb3 46. Rf4 Kc3 47. Ra4 Kb3 48. Ra6 h5 49. gxh5 Rxh5 50. Kxe3 Kc4
51. Kf3 Kb4 52. Kg4 Rh8 53. Ra1 Kb3 54. Ra5 Kc2 55. Ra3 Kd2 56. Rxh3 Rg8+ 57. Kf5 Ke2 58. Kf6 Kf2 59. Kf7 Kg2 60. Rh6 Rg4
61. h4 Kg3 62. h5 Kh4 63. Rh8 Rf4+ 64. Kg6 Rg4+ 65. Kf7 Rf4+ 66. Ke7 Kg5 67. Rf8=
1/2-1/2

[Event "Dutch defence"]
[Site "SchemingMind.com"]
[Date "2008.02.24"]
[Round "-"]
[White "David Hartley"]
[Black "Clive Everill"]
[Result "1-0"]
[WhiteCountry "ENG"]
[BlackCountry "CZE"]
[WhiteElo "1863"]
[WhiteRD "72"]
[BlackElo "1669"]
[BlackRD "47"]
[GameID "143141"]

1. d4 f5 2. Nf3 Nf6 3. g3 e6 4. Bg2 Be7 5. O-O O-O 6. c4 c6 7. b3 d5 8. Nc3 Ne4 9. Bb2 Nd7 10. Ne1 Bb4
11. Nb1 Qg5 12. Nd3 Bd6 13. Nc3 Ndf6 14. e3 Ng4 15. Re1 Qh6 16. h3 Ngf6 17. Ne2 Nh5 18. Nef4 Nxf4 19. Nxf4 Bb4 20. Re2 Bc3
21. Rc1 Bxb2 22. Rxb2 Bd7 23. Qe1 g5 24. Nd3 Be8 25. Kh2 Bh5 26. Kg1 g4 27. h4 Rf7 28. Ne5 Rf6 29. Qb4 Nxg3 30. Qxb7 Raf8
31. Re1 Ne4 32. Kf1 Be8 33. Ke2 Nc3+ 34. Kd3 Ne4 35. Qxa7 Nxf2+ 36. Rxf2 Qxh4 37. Rh1 R8f7 38. Qxf7+ Bxf7 39. Rxh4
1-0

[Event "Dutch defence"]
[Site "SchemingMind.com"]
[Date "2008.02.24"]
[Round "-"]
[White "David Hartley"]
[Black "TRFz"]
[Result "1/2-1/2"]
[WhiteCountry "ENG"]
[BlackCountry "GBR"]
[WhiteElo "1847"]
[WhiteRD "73"]
[BlackElo "2049"]
[BlackRD "54"]
[GameID "143142"]

1. d4 f5 2. Nf3 e6 3. g3 Nf6 4. Bg2 d5 5. O-O c6 6. c4 Bd6 7. b3 Qe7 8. Nc3 O-O 9. Ne1 Nbd7 10. Nd3 Ne4
11. Bb2 Qf7 12. e3 Ndf6 13. f3 Nxc3 14. Bxc3 Qh5 15. Bb4 Bxb4 16. Nxb4 Bd7 17. e4 fxe4 18. fxe4 Qg5 19. Qc1 Nxe4= 20. Bxe4 Qxc1
21. Bxh7+ Kxh7 22. Raxc1 Rxf1+ 23. Rxf1 dxc4 24. bxc4 Rd8 25. Nc2=
1/2-1/2

[Event "Dutch defence"]
[Site "SchemingMind.com"]
[Date "2008.02.24"]
[Round "-"]
[White "Shaka"]
[Black "David Hartley"]
[Result "0-1"]
[WhiteCountry "VEN"]
[BlackCountry "ENG"]
[WhiteElo "1753"]
[WhiteRD "73"]
[BlackElo "1847"]
[BlackRD "72"]
[GameID "143143"]

1. d4 f5 2. c4 Nf6 3. Nc3 e6 4. g3 Be7 5. Bg2 d6 6. Nf3 O-O 7. O-O Qe8 8. Re1 Qg6 9. Qb3 Nc6 10. Nh4 Qe8
11. Nb5 Qd7 12. Bg5 a6 13. Nc3 Nxd4 14. Qd1 Nc6 15. Rc1 Qd8 16. a3 Bd7 17. e4 fxe4 18. Nxe4 Nxe4 19. Bxe7 Nxf2 20. Bxd8 Nxd1
21. Bxc7 Nxb2 22. Bxd6 Nd3 23. Bxf8 Nxe1 24. Bxg7 Nxg2 25. Kxg2 Kxg7 26. Rb1 Na5
0-1

[Event "Dutch defence"]
[Site "SchemingMind.com"]
[Date "2008.02.24"]
[Round "-"]
[White "Valiantangel"]
[Black "David Hartley"]
[Result "0-1"]
[WhiteCountry "SGP"]
[BlackCountry "ENG"]
[WhiteElo "1326"]
[WhiteRD "86"]
[BlackElo "1863"]
[BlackRD "72"]
[GameID "143144"]

1. d4 f5 2. Nc3 Nf6 3. Bg5 e6 4. Bxf6 Qxf6 5. e4 fxe4 6. Nxe4 Qg6 7. Qf3 d5 8. Nc5 Qxc2 9. Bd3 Qxb2 10. Rd1 Bxc5
11. dxc5 Qf6 12. Qg3 O-O 13. Nf3 c6
0-1

[Event "Dutch defence"]
[Site "SchemingMind.com"]
[Date "2008.02.25"]
[Round "-"]
[White "baobab"]
[Black "David Hartley"]
[Result "0-1"]
[WhiteCountry "ITA"]
[BlackCountry "ENG"]
[WhiteElo "1642"]
[WhiteRD "73"]
[BlackElo "1863"]
[BlackRD "72"]
[GameID "143145"]

1. d4 f5 2. g3 e6 3. Bg2 Nf6 4. Bg5 Be7 5. Nf3 O-O 6. Nc3 d6 7. O-O Nc6 8. Re1 Re8 9. e4 Nxe4 10. Bxe7 Rxe7
11. Nxe4 fxe4 12. Rxe4 Bd7 13. a3 Rf7 14. Qd3 e5 15. dxe5 Bf5 16. e6 Re7 17. Nh4 Bxe4 18. Bxe4 g6 19. Bd5 Qf8 20. Re1 Qf6
21. b4 Rb8 22. Re4 Ne5 23. Qe2 c6 24. Rf4 Qg7 25. Bb3 d5 26. Nf5 gxf5 27. Rxf5 Ng6 28. c4 dxc4 29. Bxc4 Rf8 30. Qf3 Ne5
31. Rxf8+ Qxf8
0-1

[Event "Dutch defence"]
[Site "SchemingMind.com"]
[Date "2008.02.24"]
[Round "-"]
[White "Clive Everill"]
[Black "David Hartley"]
[Result "0-1"]
[WhiteCountry "CZE"]
[BlackCountry "ENG"]
[WhiteElo "1669"]
[WhiteRD "47"]
[BlackElo "1863"]
[BlackRD "72"]
[GameID "143146"]

1. d4 f5 2. Nf3 Nf6 3. Nc3 e6 4. Bg5 Be7 5. Qd3 d5 6. e3 O-O 7. Be2 Bd7 8. Ne5 Nc6 9. Nxd7 Qxd7 10. O-O-O a6
11. h4 Ne4 12. Nxe4 fxe4 13. Qd2 Bxg5 14. hxg5 Rxf2 15. g6 h6 16. g4 Rf6 17. g5 hxg5 18. Bh5 Qe7 19. Qh2 Kf8 20. Bg4 Ke8
21. Qg3 Kd7 22. Bh5 Rff8 23. Rdg1 Rf6 24. Qe1 Raf8 25. Rf1 Rxf1 26. Rxf1 Rxf1 27. Qxf1 Ke8 28. c4 Qf6 29. Qe2 Ne7 30. cxd5 exd5
31. Qg4 Qf1+ 32. Qd1 Qxd1+ 33. Kxd1 Kd7 34. Ke2 Ke6 35. Kf2 Kf6 36. Kg3 b6 37. a3 c5 38. b3 cxd4 39. exd4 Nc6 40. Be2 a5
41. Ba6 Nxd4 42. b4 Nc6 43. b5 Ne7 44. Bb7 Kf5 45. Bc6 d4 46. Bd7+ Ke5
0-1

[Event "Dutch defence"]
[Site "SchemingMind.com"]
[Date "2008.02.24"]
[Round "-"]
[White "TRFz"]
[Black "David Hartley"]
[Result "1-0"]
[WhiteCountry "GBR"]
[BlackCountry "ENG"]
[WhiteElo "2049"]
[WhiteRD "54"]
[BlackElo "1847"]
[BlackRD "73"]
[GameID "143147"]

1. d4 f5 2. Nf3 Nf6 3. g3 e6 4. Bg2 Be7 5. O-O O-O 6. c4 d6 7. Nc3 Qe8 8. Re1 Qg6 9. e4 Nxe4 10. Nxe4 fxe4
11. Rxe4 Nc6 12. Qe2 Bf6 13. Bd2 e5 14. dxe5 Nxe5 15. Nxe5 Bxe5 16. Bc3 Bxc3 17. bxc3 Rb8 18. c5 dxc5 19. Qc4+ Qf7 20. Qxf7+ Kxf7
21. Rf4+
1-0

[Event "Dutch defence"]
[Site "SchemingMind.com"]
[Date "2008.02.25"]
[Round "-"]
[White "SLAINTIE MHATH"]
[Black "Shaka"]
[Result "1/2-1/2"]
[WhiteCountry "POL"]
[BlackCountry "VEN"]
[WhiteElo "1655"]
[WhiteRD "50"]
[BlackElo "1753"]
[BlackRD "73"]
[GameID "143329"]

1. d4 f5 2. g3 Nf6 3. Bg2 e6 4. Bg5 h6 5. Bxf6 Qxf6 6. e3 Bb4+ 7. c3 Ba5 8. Nf3 Nc6 9. b4 Bb6 10. a4 a6
11. O-O O-O 12. Na3 d5 13. b5 Na5 14. Nd2 Bd7 15. Nf3 Be8 16. Ne5 Rd8 17. h4 c6 18. bxc6 Bxc6 19. Rb1 Bc7 20. f4 Bxe5
21. fxe5 Qg6 22. Kh2 Qe8 23. Bf3 Bxa4 24. Qe1 Rc8 25. Be2 Qe7 26. Qc1 Rc7 27. c4 Rfc8 28. c5 b5 29. Nc2 Bxc2 30. Qxc2 Nc4
31. Bxc4 bxc4 32. Rb6 a5 33. Qa4 Ra8 34. Rfb1 Kf7 35. Rb8 Raa7 36. R1b5 Rcb7 37. R5xb7 Rxb7 38. Rxb7 Qxb7 39. Qxa5 Qb2+ 40. Kh3 c3
41. c6 c2 42. Qc7+ Kg6 43. h5+ Kh7 44. Qf7 c1=Q 45. Qg6+=
1/2-1/2